| 000 | 00000nam 2200000zi 4500 |
| 001 | 9.899587 |
| 003 | CaOODSP |
| 005 | 20240910090958 |
| 006 | m o d f |
| 007 | cr |n||||||||| |
| 008 | 210507s1978 oncb o f000 0|eng d |
| 040 | |aCaOODSP|beng|erda|cCaOODSP |
| 043 | |an-cn-mb |
| 086 | 1 |aRE22-144/1978E-PDF |
| 245 | 00|aEnterprise Manitoba : |ba federal/provincial shared growth program = Enterprise Manitoba : un programme de développement fédéral/provincial à frais partagés. |
| 246 | 11|aEnterprise Manitoba : |bun programme de développement fédéral/provincial à frais partagés |
| 264 | 1|a[Ottawa] : |bGovernment of Canada, Regional Economic Expansion = Gouvernement du Canada, Expansion économique régionale, |c[1978] |
| 300 | |a1 online resource (31 unnumbered pages) : |bcolour maps |
| 336 | |atext|btxt|2rdacontent |
| 337 | |acomputer|bc|2rdamedia |
| 338 | |aonline resource|bcr|2rdacarrier |
| 500 | |aDigitized edition from print [produced by Innovation, Science and Economic Development Canada]. |
| 650 | 0|aIndustrial policy|zManitoba. |
| 650 | 0|aSmall business|zManitoba. |
| 650 | 6|aPolitique industrielle|zManitoba. |
| 650 | 6|aPetites et moyennes entreprises|zManitoba. |
| 710 | 1 |aCanada. |bDepartment of Regional Economic Expansion, |eissuing body. |
| 856 | 40|qPDF|s1784 KB|uhttps://publications.gc.ca/collections/collection_2024/isde-ised/re22/RE22-144-1978-eng.pdf |